000 00154nam a22000857a 4500
999 _c12729
_d12729
082 _a910.4
100 _aSabir Badar Jafry
245 _aRaz Joi
942 _cBK